Справка, записки, журнальные вырезки и другие документы по вопросу о реформе календаря и о количестве праздничных дней

Доступно только в Электронных читальных залах Найти на картеНа карте
RUSMARC
00003599nac2a22002411x 450
001ca03ecd7-f5d5-46dd-9d32-ce518501fd61
00520131219005239.0
100##$a20130529l1909 k y0rusy50 ca
1010#$arus
102##$aRU
105##$ay z |||||
2001#$aСправка, записки, журнальные вырезки и другие документы по вопросу о реформе календаря и о количестве праздничных дней
$j1909-1913
215##$a97 листов
251##$cДело
300##$aЛисты 87, 88 - вырезки из газет
300##$aТекст напечатан типографским способом
330##$aДокументальные материалы, отложившиеся в результате служебной и общественной деятельности А. Ф. Кони; По должности сенатора и члена Государственного совета
461#0$10013a54f2e3-e9cf-409b-80fa-f0a9bd3c40cb
$12001
$aКони Анатолий Федорович, юрист, литератор, член академии наук, председатель Санкт-Петербургского окружного суда, член государственного совета
$1251
$cФонд
$1852
$j564
462#0$100178a475cd-a47d-4377-bff3-cee4b81de655
$12001
$aОпись дел фонда А. Ф. Кони за 1880-1931 гг.
$1251
$cОпись
$1852
$j1
600#1$aКони
$bА. Ф.
$f1844-1927
$gАнатолий Федорович
801#0$aRU
$bGA_RF
801#1$aRU
$bНПО Опыт
$c20130529
$2rusmarc
801#2$aRU
$bПБ им. Б.Н. Ельцина
$c20131219
$gRCR
$2rusmarc
852##$aГА РФ
$j700
937##$d42299126
$hПБ
035##$aRuPRLIB51002767
Формат отображения